LIBRARY & INFORMATION CENTRE, KCAET, TAVANUR

ONLINE PUBLIC ACCESS CATALOGUE (OPAC)

Jaisa chaho vaisa bano / (Record no. 2635)

MARC details
000 -LEADER
fixed length control field 00409cam a2200169ua 4500
041 ## - LANGUAGE CODE
Language code of text/sound track or separate title hin
082 ## - DEWEY DECIMAL CLASSIFICATION NUMBER
Classification number 891.54
Item number SWE/JA
100 ## - MAIN ENTRY--AUTHOR NAME
Personal name Sweet , Marden.
245 ## - TITLE STATEMENT
Title Jaisa chaho vaisa bano /
260 ## - PUBLICATION, DISTRIBUTION, ETC. (IMPRINT)
Place of publication :
Name of publisher Hindi Prakat Buvasi ,
Year of publication 1962.
300 ## - PHYSICAL DESCRIPTION
Number of Pages 166 ; .
942 ## - ADDED ENTRY ELEMENTS (KOHA)
Koha item type Books
Holdings
Withdrawn status Lost status Damaged status Home library Current library Date acquired Full call number Accession Number Koha item type
Withdrawn     KAUAET Sanskrit University 07/04/2012 891.54 1919 Books
free website counter